| Tag |
First Indicator |
Second Indicator |
Subfields |
| LEADER |
00000cam a2200000 4500 |
| 001 |
in00000068855 |
| 005 |
20151008050844.0 |
| 008 |
720411s1948 enk 00000 eng u |
| 035 |
|
|
|a (OCoLC)00280291
|
| 035 |
|
|
|9 AAG3838AM
|
| 040 |
|
|
|c YNG
|d TXA
|d UtOrBLW
|
| 049 |
|
|
|a TXAM
|c [169442]
|
| 090 |
|
|
|a HC240
|b .B61 1948
|
| 092 |
|
|
|a 330.94
|b B619e5
|
| 100 |
1 |
|
|a Birnie, Arthur,
|d 1890-
|
| 245 |
1 |
3 |
|a An economic history of Europe :
|b 1760-1939 /
|c by Arthur Birnie ...
|
| 264 |
|
1 |
|a London :
|b Methuen,
|c [1948]
|
| 300 |
|
|
|a x, 277 pages
|
| 336 |
|
|
|a text
|b txt
|2 rdacontent
|
| 337 |
|
|
|a unmediated
|b n
|2 rdamedia
|
| 338 |
|
|
|a volume
|b nc
|2 rdacarrier
|
| 500 |
|
|
|a "5th edition."
|
| 651 |
|
0 |
|a Europe
|x Economic conditions.
|
| 650 |
|
0 |
|a Economics
|x History
|z Europe.
|
| 999 |
|
|
|a MARS
|
| 999 |
f |
f |
|s 7a9752c6-35f0-3444-bd23-2e45dd7bde77
|i 7dc3799b-fcdd-3b3c-984b-893422dc4791
|t 0
|
| 952 |
f |
f |
|p ric
|a Texas A&M University
|b Rellis Campus
|c Joint Library Facility
|d Remote Storage
|t 0
|e HC240 .B61 1948
|h Library of Congress classification
|i unmediated -- volume
|m A14800699945
|
| 998 |
f |
f |
|a HC240 .B61 1948
|t 0
|l Remote Storage
|